Cyber side-effects : how secure is the personal information entered into the flawed HealthCare.gov ? : hearing before the Committee on Homeland Security, House of Representatives, One Hundred Thirteenth Congress, first session, November 13, 2013.

Bibliographic Details
Corporate Author: United States. Congress. House. Committee on Homeland Security (Author)
Format: Government Document eBook
Language:English
Published: Washington : U.S. Government Printing Office, 2014.
Subjects:
Online Access:https://purl.fdlp.gov/GPO/gpo49194
http://purl.fdlp.gov/GPO/gpo49194

MARC

Tag First Indicator Second Indicator Subfields
LEADER 00000cam a2200000 i 4500
001 in00003451981
005 20210430160949.0
006 m o d f
007 cr |||||||||||
008 140522s2014 dcua o f000 0 eng c
035 |a (OCoLC)ocn880380744 
042 |a pcc 
043 |a n-us--- 
040 |a GPO  |b eng  |e rda  |e pn  |c GPO  |d GPO  |d COO  |d OCLCO  |d GPO  |d MvI 
049 |a WWW 
050 1 4 |a KF27  |b .H57 2013f 
074 |a 1018-E (online) 
086 0 |a Y 4.H 75:113-41 
088 |a Serial no. 113-41 (United States. Congress. House. Committee on Homeland Security) 
110 1 |a United States.  |b Congress.  |b House.  |b Committee on Homeland Security,  |e author. 
245 1 0 |a Cyber side-effects :  |b how secure is the personal information entered into the flawed HealthCare.gov ? : hearing before the Committee on Homeland Security, House of Representatives, One Hundred Thirteenth Congress, first session, November 13, 2013. 
246 3 |a Cyber side effects : how secure is the personal information entered into the flawed HealthCare.gov 
246 3 0 |a How secure is the personal information entered into the flawed HealthCare.gov 
264 1 |a Washington :  |b U.S. Government Printing Office,  |c 2014. 
300 |a 1 online resource (iii, 81 pages) :  |b illustration 
336 |a text  |b txt  |2 rdacontent 
337 |a computer  |b c  |2 rdamedia 
338 |a online resource  |b cr  |2 rdacarrier 
500 |a Title from title screen (viewed on May 22, 2014). 
500 |a Paper version available for sale by the Superintendent of Documents, United States Government Printing Office. 
500 |a "Serial no. 113-41." 
650 0 |a Government Web sites  |z United States. 
650 0 |a Database security  |z United States. 
650 0 |a Insurance exchanges  |x Security measures  |z United States. 
650 0 |a Data protection  |z United States. 
650 0 |a Privacy, Right of  |z United States. 
610 1 0 |a United States.  |t Patient Protection and Affordable Care Act. 
655 7 |a Legislative hearings.  |2 lcgft 
776 0 8 |i Print version:  |a United States. Congress. House. Committee on Homeland Security.  |t Cyber side-effects  |w (OCoLC)880939931 
776 0 8 |i Microfiche version:  |a United States. Congress. House. Committee on Homeland Security.  |t Cyber side-effects  |w (OCoLC)889883705 
856 4 0 |u https://purl.fdlp.gov/GPO/gpo49194  |t 0 
856 4 0 |u http://purl.fdlp.gov/GPO/gpo49194  |t 0 
999 f f |s 6cfb3ea1-0d94-30c9-b23f-6d31721278f5  |i 10fd026d-29e9-3608-b8b0-8d26a80af56a  |t 0 
952 f f |a Texas A&M University  |b College Station  |c Electronic Resources  |d Available Online  |t 0  |e Y 4.H 75:113-41  |h Superintendent of Documents classification 
998 f f |a Y 4.H 75:113-41  |t 0  |l Available Online